00898nam a2200229 a 450000100100000000500170001000800410002702000150006804000250008304100390010808200130014710000280016024000350018824501650022326000290038830000210041753400440043870000430048204900090052595201170053499900170065100002433020200930022921.0110126s1984 sp r 000 0 spa d a8430697691 aDO-SdBNPbspacBNPHU17aspaheng2Código de idiomas MARC ann*bnn*1 aPeccei, Aurelio.94990610aBefore is too late.lEspañol10aAntes de que sea demasiado tarde :bun diálogo entre Aurelio Peccei y Daisaku Ikeda /cAurelio Peccei y Daisaku Ikeda ; traducción Bernardo Moreno Carrillo. aMadrid :bTaurus,c1984. a195 p. ;c21 cm. aTítulo original :tBefore is too late1 aMoreno Carrillo, Bernardo,etr.949907 aBNGR 001054708MOaGRbGRcCTd2011-01-26iLF1l0onn* nn*p24330-10r2020-06-25w2020-06-25y4ZPréstamo en sala c23823d23823